| 000 | 00416nam a22001577a 4500 | ||
|---|---|---|---|
| 999 |
_c534852 _d534852 |
||
| 020 | _a9789386668424 | ||
| 082 | _a339 | ||
| 100 | _aMankiw, N. Gregory | ||
| 245 |
_aMacroeconomics / _cN. Gregory Mankiw |
||
| 250 | _a4th ed. | ||
| 260 |
_aNew Delhi : _bCengage Learning, _c2017. |
||
| 300 |
_a388 p. ; _c25 cm. |
||
| 942 |
_2ddc _cBK |
||